LEADER 01096nam0-22003731i-450 001 990003240490403321 005 20230405153338.0 035 $a000324049 035 $aFED01000324049 035 $a(Aleph)000324049FED01 035 $a000324049 100 $a20000920d1968----y0itay50------ba 101 0 $ager 102 $aCH 105 $ay-------001yy 200 1 $aMeyers Kontinente und Meere$fGeographisch-Kartographisches Institut Meyer 210 $aZurigo$cBibliographisches Institut$d1968 610 0 $aGeografia$aEnciclopedie 676 $a910.331 801 0$aIT$bUNINA$gRICA$2UNIMARC 901 $aBK 912 $a990003240490403321 952 $a003.090.MEY.01$b557$fDECGE 952 $a003.090.MEY.02$b578$fDECGE 952 $a003.090.MEY.03$b652$fDECGE 952 $a003.090.MEY.04$b827$fDECGE 952 $a003.090.MEY.05$b968$fDECGE 952 $a003.090.MEY.06$b1030$fDECGE 952 $a003.090.MEY.07$b588$fDECGE 952 $a003.090.MEY.08$b1475$fDECGE 959 $aDECGE 996 $aMEYERS KONTINENTE UND MEERE$9449030 997 $aUNINA DB $aING01 LEADER 02045nam0 22004933i 450 001 VAN0177802 005 20230616091400.896 017 70$2N$a9789400768925 100 $a20210708d2016 |0itac50 ba 101 $aeng 102 $aNL 105 $a|||| ||||| 200 1 $aHandbook of Spintronics$fYongbing Xu, David D. Awschalom, Junsaku Nitta editors 210 $aDordrecht$cSpringer$d2016 215 $axxiv, 1602 p.$cill.$d24 cm 500 1$3VAN0177803$aHandbook of Spintronics$91820616 606 $a81-XX$xQuantum theory [MSC 2020]$3VANC019967$2MF 606 $a80-XX$xClassical thermodynamics, heat transfer [MSC 2020]$3VANC022357$2MF 606 $a74-XX$xMechanics of deformable solids [MSC 2020]$3VANC022466$2MF 606 $a00A79 (77-XX)$xPhysics [MSC 2020]$3VANC023182$2MF 606 $a92Exx$xChemistry [MSC 2020]$3VANC025596$2MF 610 $aCanopus$9KW:K 610 $aMagnetic nanostructures$9KW:K 610 $aMagneto electronics$9KW:K 610 $aQuantum electronics$9KW:K 610 $aReference on spintronics$9KW:K 610 $aSemiconductor spintronics$9KW:K 610 $aSpin electronics$9KW:K 610 $aSpin functional devices$9KW:K 610 $aSpin-electronic devices$9KW:K 610 $aSpintronics$9KW:K 620 $aNL$dDordrecht$3VANL000068 702 1$aAwschalom$bDavid D.$3VANV160073 702 1$aNitta$bJunsaku$3VANV160074 702 1$aXu$bYongbing$3VANV160072 712 $aSpringer $3VANV108073$4650 801 $aIT$bSOL$c20240614$gRICA 856 4 $uhttp://doi.org/10.1007/978-94-007-6892-5$zE-book ? Accesso al full-text attraverso riconoscimento IP di Ateneo, proxy e/o Shibboleth 899 $aBIBLIOTECA DEL DIPARTIMENTO DI MATEMATICA E FISICA$1IT-CE0120$2VAN08 912 $fN 912 $aVAN0177802 950 $aBIBLIOTECA DEL DIPARTIMENTO DI MATEMATICA E FISICA$d08CONS e-book 2950 $e08eMF2950 20210708 996 $aHandbook of Spintronics$91820616 997 $aUNICAMPANIA